1010 1114 1480 1425 1149 1230 1364 1859 1153 1005 1870 1453 1206 1283 1802 1205 1045 1231 1722 1892 1176 1839 1010 1553 1485 1406 1312 1673 1118 1379 1591 1733 1903 1162 1620 1497 1175 1337 1032 1351 1449 1871 1617 1279 1501 1656 1242 1729 1351 1770 1946 1768 1602 1307 1995 1150 1415 1204 1566 1768 1141 1158 1812 1528 1778 1134 1564 1845 1006 1800 1810 1444 1973 1257 1131 1606 1448 1656 1651 1423 1481 1152 1459 1211 1148 1467 1962 1183 1560 1472 1465 1964 1842 1172 1803 1922 1152 1329 1070 BCNSPRNW ULIB Ver.6.0+V

เปลี่ยนเป็นภาษาไทย

Change to English
 แสดงรายละเอียดบรรณานุกรม
  กลับหน้าหลัก

Brief Record : Get Marc (ISO 2709) : E-mail record : QR code < ปิดหน้าต่าง
LEADER : 00000nam 2200000uu 4500
001    13399114789
003     ULIB
008    120518s2550||||th 000 0 tha d
060  4 W84.6^bค695
110 1  สถาบันพระบรมราชชนก สำนักงานปลัดกระทรวงสาธารณสุข
245 00 คู่มือพัฒนาผู้ปฏิบัติงานในหน่วยบริการปฐมภูมิ (สำหรับวิทยากร)^cบรรณาธิการโดย สาสลิกา เมธนาวิน และคณะ
260    กรุงเทฯ:^bโรงพิมพืองค์การสงเคราะห์ทหารผ่านศึก,^c2550
300    226 หน้า,^c26 ซม
500    ได้รับการสนับสนุนงบประมาณจากสำนักงานหลักประกันสุขภาพแห่งชาติ
650  0 บริการปฐมภูมิ
700 0  สาสลิกา เมธนาวิน และคนอื่นๆ,^eบรรณาธิการ
945    ^p0^l0^i031765
995    เกษร
999 ^a ใช้งานได้ทุกระบบ
รายการนี้ยังไม่มีแท็ก
คุณยังไม่ได้ล็อกอิน คุณสามารถมีกิจกรรมร่วมกับเว็บไซต์ได้ แต่ต้องล็อกอินก่อน ::
  ล็อกอิน

รายการสื่อสารสนเทศ

ลำดับที่ ประเภท เลขเรียก/บาร์โค้ด สถานที่ สถานะ
- ไม่พบข้อมูล -

รายการใกล้เคียง
    หัวเรื่อง [บริการปฐมภูมิ]

BibComment


ยังไม่เคยถูกคอมเมนท์

คอมเมนท์ทรัพยากรรายการนี้
  คอมเมนท์: คู่มือพัฒนาผู้ปฏิ..


 Copyright 2026. Bcnsprnw @Library